|
|
|
|
| LEADER |
00676nab a2200181 i 4500 |
| 001 |
misc7043 |
| 005 |
20191106144300.0 |
| 008 |
170607s1895 hu o 0|| hun d |
| 022 |
|
|
|a 0025-0260
|
| 040 |
|
|
|a SZTE Miscellanea Repozitórium
|b hun
|
| 041 |
|
|
|a hun
|
| 100 |
1 |
|
|a Hóman Ottó
|
| 245 |
1 |
2 |
|a A középiskolai tanárok képzéséről.
|h [elektronikus dokumentum] /
|c Hóman Ottó
|
| 260 |
|
|
|c 1895
|
| 300 |
|
|
|a 89-97
|
| 490 |
0 |
|
|a Magyar pedagógia : a Magyar Tudományos Akadémia Pedagógiai Bizottságának folyóirata
|v 4
|
| 695 |
|
|
|a Tanárképzés Magyarország 1895, Tanárképzés
|
| 856 |
4 |
0 |
|u http://misc.bibl.u-szeged.hu/7043/1/mp_1895_0268_089-097.pdf
|z Dokumentum-elérés
|